000 nam a22 a 4500
999 _c402060
_d402060
003 BLK
005 20210323141741.0
008 210323b bu |||||r|||| 00| | bu d
040 _aBLK
041 _aBUL
_cBUL
080 _aВътрешна политика. Вж и 329
_b323
_x(497.2)
_z323(497.2)
100 _9444065
_aНеизцеримий
139 _aНеизцеримий
245 _aНашата интелигенция и народний поминък
_cНеизцеримий
260 _aСофия
_c1898
_fСофия : Ив. Г. Игнатов и сие
300 _a42 с.
_c19,5 см
380 _a3
490 _9435080
_aКолекция Редки и ценни издания
500 _aОтпеч. от в. Бюлетин, бр. 61-64
650 0 _9263000
_aИнтелигенция - България
852 _aРб 898
_bРц
942 _cKNG
_n0
_s1
944 _aCR
_c2021-03-23
_kВЙ
999 _d402060